| 000 | 00670nam a2200217Ii 4500 | ||
|---|---|---|---|
| 003 | JO-AjNU | ||
| 008 | 230605s9999||||xx |||||||||||||| ||und|| | ||
| 017 | _a2003/7/1397 | ||
| 040 |
_aJO-AjNU _bara _erda _cJO-AjNU |
||
| 041 | _aara | ||
| 050 | 1 | 4 | _aK82.M3424 2003 |
| 100 | 3 |
_a ملكاوي، بشار عدنان, _eauthor _946548 |
|
| 245 | 0 | 0 | _aالمنهجية العلمية لإعداد البحث القانوني |
| 250 | _aط1 | ||
| 264 | 3 | 1 | _aعمان: د.ن، 2003 |
| 300 | _a99ص | ||
| 336 |
_atext _btxt _2rdacontent |
||
| 337 |
_aunmediated _bn _2rdamedia |
||
| 338 |
_avolume _bnc _2rdacarrier |
||
| 650 | 4 |
_aالقانون - مناهج بحث _946549 |
|
| 999 |
_aA20259 _c23827 _d23827 |
||